Caricamento...
Hindoo fairy legends /
| Autore principale: | |
|---|---|
| Lingua: | Undetermined |
| Pubblicazione: |
New York :
|
| LEADER | 00385nam a2200121Ia 4500 | ||
|---|---|---|---|
| 001 | 164964 | ||
| 008 | 170722s9999 xx 000 0 und d | ||
| 100 | |a Frere, Mary | ||
| 245 | |a Hindoo fairy legends / | ||
| 260 | |a New York : | ||
| 942 | |c GEN | ||
| 999 | |c 72086 |d 72086 | ||
| 952 | |0 0 |1 0 |4 0 |6 Y_351_2_000000000000000_K7 |7 0 |8 LC1 |9 102161 |a LIB |b LIB |d 2017-08-12 |h LC1 |o Y:351.2 K7 |p 120755 |r 2017-08-12 |w 2017-08-12 |y GEN | ||